Znani Polacy o imieniu Adam - Statystyki

Ogólne statystyki
  • Ten quiz został rozwiązany 39 razy
    13 od ostatniego zresetowania
  • Średni wynik to 7 z 19
Statystyki odpowiedzi
Podpowiedź Nazwisko % Poprawnych
Skoczek narciarski Adam Małysz
100%
Autor "Pana Tadeusza" Adam Mickiewicz
83%
Były trener reprezentacji Polski Adam Nawałka
75%
Minister sprawiedliwości 2023-2025 Adam Bodnar
67%
Prezes NBP Adam Glapiński
50%
Publicysta, jeden z głównych działaczy opozycji demokratycznej PRL Adam Michnik
50%
Aktor znany z "Rodzinka.pl" Adam Zdrójkowski
50%
Polityk PiSu, europoseł Adam Bielan
42%
Piłkarz reprezentacji Adam Buksa
42%
Minister zdrowia 2020-2023 Adam Niedzielski
33%
Najmłodszy poseł X kadencji sejmu Adam Gomoła
25%
Rzecznik prasowy rządu Adam Szłapka
25%
Aktor Adam Ferency
17%
Youtuber znany jako thepolishamerican Adam Josef Modzelewski/ AJ
17%
popularyzator majsterkowania, autor i prowadzący program "Zrób to sam" Adam Słodowy
17%
Mąż stanu i były Minister spraw zagranicznych Imperium Rosyjskiego Adam Jerzy Czartoryski
8%
Dawniej poseł, obecnie senator KO Adam Szejnfeld
8%
Aktor znany z roli Jerzego Popiełuszki Adam Woronowicz
8%
Święty brat Albert Adam Chmielowski
0%
Nie znaleziono quizów pasujących do podanych kryteriów
Rozkład punktacji
Procent ludzi z każdym wynikiem
Percentyl według liczby udzielonych odpowiedzi
Twoja historia wyników
Nie rozwiązałeś tego quizu od ostatniego zresetowania